Correlación entre el módulo de deformabilidad en placa rígida y el obtenido a partir de los sistemas de clasificación geomecánica RMR y GSI: aplicado al sitio de presa y túnel del Proyecto Hidroeléctrico Pirrís

Guardat en:
Dades bibliogràfiques
Autor principal: Hernández Vásquez, Bernal Andrés
Format: Llibre
Publicat: [San José, Costa Rica] 2007
Matèries:
Etiquetes: Afegir etiqueta
Sense etiquetes, Sigues el primer a etiquetar aquest registre!

MARC

LEADER 00000nam a2200000Ia 4500
003 009920
005 20221231144108.0
008 140114s2007 cr a 000 ||s d
040 |c cru CEDI  
090 |a TFG 5447 
100 |a Hernández Vásquez, Bernal Andrés   |9 4879 
245 |a Correlación entre el módulo de deformabilidad en placa rígida y el obtenido a partir de los sistemas de clasificación geomecánica RMR y GSI: aplicado al sitio de presa y túnel del Proyecto Hidroeléctrico Pirrís 
260 |c 2007  |b [San José, Costa Rica] 
300 |a 122, [51] hojas (algunas plegables); ilustraciones a color, mapas color planos color 
500 |a Proyecto de graduación (licenciatura en ingeniería civil)--Universidad de Costa Rica. Facultad de Ingeniería. Escuela de Ingeniería Civil 
650 |x DEFORMACIONES (MECANICA)  |x REPRESAS DE GRAVEDAD   |x CIMENTACIONES   |x  INSTITUTO COSTARRICENSE DE ELECTRICIDAD. PROYECTO HIDROELECTRICO PIRRIS   |x  ESFUERZO Y TENSION  |x GEOTECTONICA  |x DEFORMACIONES EN ROCAS   |x MECANICA DE ROCAS  |9 4880 
942 |c TFG 
999 |c 16828  |d 16828